00517cam a2200157 450008200180000010000250001824500430004325000110008626000410009730000340013849000470017250000740021952600370029365000210033065000080035100a658.1552bSHI1 aShillinglaw, Gordon.00aCost accounting, analysis and control. a3d ed. aHomewood, Ill.,bR. D. Irwin,c1972. axviii, 789 p.billus.c24 cm.0 aThe Willard J. Graham series in accounting aFourth ed. published in 1977 under title: Managerial cost accounting. a0b0c0d658_155200000000000_SHI 0aCost accounting. 0aMCE